000 00457nam a2200193Ia 4500
005 20240913125146.0
008 240913s9999||||xx |||||||||||||| ||und||
041 _aENGLISH
082 _A621.4022 N8
100 _aBayazitoglu,Yildiz
245 0 _aElements of Heat Transfer
250 _a1st
260 _c1998
_bMGH,New York
500 _aREFERENCE
650 _aHeat
_bMechanical
700 _a Ozisik, Necati M
942 _cREF
999 _c244934
_d244934